Život s korporáciou

O kariére manažérky v globálnom farmaceuticko-zdravotníckom gigante Johnson & Johnson rozpráva topmanažérka Patrícia Kabáthová. Ako držať krok s digitálnou revolúciou v zdravotníctve. Ako vyrásť v korporátnom prostredí na moderného lídra. Ako si vždy nájsť čas na rodinu.

Uložené v:
Podrobná bibliografia
Hlavný autor: Matijek, Peter
Ďalší autori: Kabáthová, Patrícia
Médium: Kapitola
Jazyk:Slovak
Predmet:
Tagy: Pridať tag
Žiadne tagy, Buďte prvý, kto otaguje tento záznam!

MARC

LEADER 00000naa a2200000 4500
001 0211849
005 20231013091850.8
041 0 |a slo 
044 |a SK 
245 1 0 |a Život s korporáciou  |c Peter Matijek, Patrícia Kabáthová 
520 |a O kariére manažérky v globálnom farmaceuticko-zdravotníckom gigante Johnson & Johnson rozpráva topmanažérka Patrícia Kabáthová. Ako držať krok s digitálnou revolúciou v zdravotníctve. Ako vyrásť v korporátnom prostredí na moderného lídra. Ako si vždy nájsť čas na rodinu. 
610 2 0 |a manažéri 
610 2 0 |a lídri 
610 2 0 |a ženy 
610 2 0 |a firmy 
610 2 0 |a korporácie 
610 2 0 |a zdravotníctvo 
610 2 0 |a farmakológia 
100 1 |a Matijek, Peter 
700 1 |a Kabáthová, Patrícia